000 00527nam#a2200217#c#4500
003 IEF
005 20180219163930.0
008 950601s1987 uuu####fr####| 0||u| |u
040 _aIEF
100 1 _aWilson, Michael Holcombe
_96191
245 _aSpeech..
260 _a[Canada]
_bDepartment of Finance
_c1987
300 _av.;gráf.
_cgráf.;27 cm.
490 _aTax Reform 1987
650 4 _aCANADA
_933508
650 4 _aIMPUESTOS
_947460
650 4 _aREFORMA
_910750
942 _cLIB
942 _z64336
999 _c85044
_d85044